000 05412nam a2200325 4500
003 OSt
005 20260512081919.0
008 260512b |||||||| |||| 00| 0 aze d
040 _aAZ-XaKU
_baze
_cAZ-XaKU
041 0 _aaze
050 1 4 _aQA805 .Al53 2010 v.1
100 1 _aƏliyev, Knyaz Ələsgər oğlu,
_ct.e.d., prof.,
_emüəllif.
245 1 _aNəzəri mexanikadan mühazirələr (Statika və kinematika). I hissə
_c/ Knyaz Ələsgər oğlu Əliyev ; elmi redaktor X.İ.Hüseynov ; rəyçilər R.S.Qurbanov, A.F.Məmmədov
264 _aBakı:
_b"Dizayn-EL" MMC,
_c2010.
300 _a124 səhifə ;
_bsxem,
_c20 sm.
336 _atext
_btxt
_2rdacontent
337 _aunmediated
_bn
_2rdamedia
338 _avolume
_bnc
_2rdacarrier
500 _aDərs vəsaiti "Mexanikləşdirmə və avtomatlaşdırma" fakültəsinin Elmi Şurasının qərarı ilə çap etdirilmişdir ("29" dekabr 2009-cu il, protokol №4).
504 _aƏdəbiyyat: s.118
505 0 _aƏsas anlayışlar -- 2. Statikanın aksiomları -- 3. Dayaqlar (rabitələr) -- 4. Müvazinətdə olan üç qüvvə haqqında teorem -- 5. Bir nöqtədə tətbiq olunan qüvvələr sisteminin həndəsi toplanması -- 6. Qüvvənin ox və müstəvi üzərindəki proyeksiyası -- 7. Bir nöqtədə tətbiq olunan qüvvələr sistemi analitik üsulla toplanması -- 8. Bir nöqtədə tətbiq olunan qüvvələr sisteminin analitik müvazinət şərtləri -- 9. Qüvvənin nöqtəyə nəzərən momenti (q.n.m.) -- 10. Qüvvənin nöqtəyə nəzərən momentinin (q.n.m.) vektor ifadəsi -- 11. Qüvvələr sisteminin baş momenti -- 12. Varinyon teoremi -- 13. İki paralel qüvvənin toplanması -- 14. Cüt qüvvə -- 15. Cütün momenti vektor kimi -- 16. Cütün qüvvələrinin baş momenti haqqında teorem -- 17. Fəza cütlər sisteminin analitik üsulla toplanması və bu cütlər sisteminin analatiq müvazinət şərtləri -- 18. Qüvvələr sisteminin seçilmiş mərkəzə gətirilməsi -- 19. İxtiyari müstəvi qüvvələr sisteminin analitiq müvazinət şərtləri -- 20. Müstəvi paralel qüvvələr sisteminin analitiq müvazinət şərtləri -- 21. Fermalar -- 22. Düyünlərin kəsilməsi üsulu -- 23. Ritter üsulu -- 24. Qüvvənin oxa nəzərən momenti -- 25. Qüvvənin nöqtəyə və oxa nəzərən momentləri arasındakı asılılıq -- 26. Qüvvənin koordinant oxlarına nəzərən momentlərinin analatiq ifadələri -- 27. İxtiyari fəza qüvvələr sisteminin baş momentinin qiymət və istiqamətinin tapılması -- 28. İxtiyari fəza qüvvələr sisteminin analitiq müvazinət şərtləri -- 29. Fəza paralel qüvvələr sisteminin analitiq müvazinət şərtləri -- 30. Qüvvələr sisteminin seçilmiş mərkəzə gətirilməsində rast gələ bilən xüsusi hallar -- 31. Qüvvələr sisteminin invariantları -- 32. Paralel qüvvələr mərkəzi -- 33. Ağırlıq mərkəzi (a.m.) -- 34. Bəzi sadə həndəsi fiqurların ağırlıq mərkəzləri -- 35. Mürəkkəb həndəsi fiqurların a.m. -- 36. Sürtünmə -- 37. Kinematika -- 38. Ümumi məlumat -- 39. Nöqtənin hərəkətinin verilmə üsulları -- 40. Nöqtənin hərəkətinin təbii üsulla verilməsi -- 41. Nöqtənin hərəkətinin koordinat üsulu ilə verilməsi -- 42. Nöqtənin hərəkətinin vektor üsulu ilə verilməsi -- 43. Nöqtənin sürət və təcil vektorları -- 44. Hərəkətin koordinat üsulla verildikdə nöqtənin sürət və təcilinin təyini -- 45. Differensial həndəsədən bəzi məlumatlar, təbii koordinat sistemi -- 46. Nöqtənin hərəkəti təbii üsulla verildikdə onun sürət və təcilinin tapılması -- 47. Nöqtənin müntəzəm və müntəzəm dəyişən hərəkətləri -- 48. Sistem kinematikası -- 49. Bərk cismin irəliləmə hərəkəti -- 50. Bərk cismin tərpənməz ox ətrafında fırlanma hərəkəti -- 51. Müntəzəm və müntəzəm dəyişən fırlanmalar -- 52. Tərpənməz ox ətrafında fırlanma cismin nöqtələrinin sürət və təcilləri -- 53. Fırlanan cismin nöqtələrinin sürət və təcillərinin vektor ifadəsi -- 54. Bərk cismin yastı paralel hərəkəti -- 55. Yastı fiqurun nöqtələrinin sürətinin təyini -- 56. Yastı fiqurun iki nöqtəsinin sürətinin proyeksiyası haqqında teorem -- 57. Ani sürətlər mərkəzi -- 58. Xüsusi hallar üçün a.s.m.-in yerinin təyini -- 59. Yastı fiqurun nöqtələrinin təcillərinin tapılması -- 60. Nöqtənin mürəkkəb hərəkəti -- 61. Nöqtənin mürəkkəb hərəkətində onun mütləq sürətinin tapılması -- 62. Nöqtənin mürəkkəb hərəkətində mütləq təcilinin tapılması (Koriolis teoremi).
520 _aTələbələrin keçilən materialların daha dərindən mənimsəməsi üçün vəsaitdə hər bir mövzunun sonunda məsələ həlli və onun metodikası verilmişdir.
521 _aBu dərs vəsaiti bakalavr pilləsində texniki istiqamətdə təhsil alan tələbələr, layihə institutlarında, xüsusi konstruktor bürolarında və istehsalatda çalışan mühəndislər üçün nəzərdə tutulmuşdur. Eləcə də bu vəsaitdən magistratura və doktoranturada təhsil alan tələbələr də istifadə edə bilərlər.
650 7 _2AZ-XaKU
_aFizika
700 1 _aHüseynov, X.i.,
_eelmi redaktor.
700 1 _aQurbanov, R.S.,
_erəyçi.
700 1 _aMəmmədov, A.F.,
_erəyçi.
942 _cBOOK
999 _c410
_d410